000 00649nam a2200241Ia 4500
003 OSt
005 20221007101402.0
006 a|||||r|||| 00| 0
007 ta
008 221006b |||||||| |||| 00| 0 eng d
024 _a6,368
037 _cTextual
040 _aLCO
_cLCO
_beng
041 _2eng
_aeng
082 _aZ, K9
100 _aSinha Chittaranjan
_9702919
245 0 _aIndian Civil Judiciary in Making 1800-33
260 _aNew
_bDelhi Munshiram Manoharlal New Delhi
_c1969
300 _a209
650 _aJUDICIARY IN MAKING
_9702920
942 _hZ, K9
_cTEXL
999 _c1175931
_d1175931